| 000 | 00913cam a22002411 4500 | ||
|---|---|---|---|
| 001 | unk82074435 | ||
| 003 | DLC | ||
| 005 | 20260227112800.0 | ||
| 007 | cr ||||||||||| | ||
| 008 | 821206s1895 dcu 000 0 eng | ||
| 010 | _aunk82074435 | ||
| 040 |
_aDLC _cCarP _dDLC |
||
| 050 | 0 | 0 |
_aSH221 _b.S64 |
| 100 | 1 |
_aSmith, Hugh M. _q(Hugh McCormick), _d1865-1941. |
|
| 245 | 1 | 0 |
_aNotes on a reconnoissance of the fisheries of the Pacific coast of the United States in 1894. _cBy Hugh M. Smith, M.D. |
| 260 |
_aWashington, _bGovt. Print. Off., _c1895. |
||
| 300 | _ap. 223-288. | ||
| 530 | _aAlso available in digital form on the Library of Congress Web site. | ||
| 500 | _a"Article 18: Extracted from the Bulletin of the U.S. Fish Commission for 1894." | ||
| 650 | 0 |
_aFisheries _zUnited States. |
|
| 650 | 0 |
_aSalmon fisheries _zUnited States. |
|
| 856 | 4 | 1 |
_dmtfgc _f2132 _qo _uhttp://hdl.loc.gov/loc.gdc/mtfgc.2132 |
| 999 |
_c91405 _d91405 |
||